00618 2200241 4500001002100000005001500021035002000036007000300056008004100059100002100100245005400121300002600175020002200201082001100223084001700234260003800251990001900289990001900308990001900327990001000346990001000356990001000366INLIS00000000000665220251222102235 a0010-0221000095ta210221 0 ind 0 aTim Panca aksara1 aKamus Lengkap Istilah Ekonomi /cTim Panca aksara a484 hal ;c14 x 20 cm a978-602-6559-23-4 a657.03 a657.03 TIM k aYogyakarta :bIndoliterasi,c2017 a00270APBD00270 a00271APBD00271 a00272APBD00272 a02423 a02424 a02425